Online Public Access Catalog -OPAC

Minimum requirements for receiving and maintaining tissue culture progagating material (Record no. 30305)

MARC details
000 -LEADER
fixed length control field 00428nam a2200121Ia 4500
008 - FIXED-LENGTH DATA ELEMENTS--GENERAL INFORMATION
fixed length control field 180412s9999||||xx |||||||||||||| ||und||
020 ## - INTERNATIONAL STANDARD BOOK NUMBER
International Standard Book Number 9251021678
040 ## - CATALOGING SOURCE
Original cataloging agency Ahmadu Bello University Library - Zaria
100 ## - MAIN ENTRY--PERSONAL NAME
Personal name Whithers, Lyndsey A.
245 #0 - TITLE STATEMENT
Title Minimum requirements for receiving and maintaining tissue culture progagating material
Statement of responsibility, etc. Lyndsey A. Withers
260 ## - PUBLICATION, DISTRIBUTION, ETC.
Place of publication, distribution, etc. Rome
Name of publisher, distributor, etc. F.A.O.
Date of publication, distribution, etc. 1985
300 ## - PHYSICAL DESCRIPTION
Extent vi, 34p.: ills.
500 ## - GENERAL NOTE
General note Bibliography: p. 23-25

No items available.

Customized by ICT Technical Service Unit on 29th Dec 2022

Kashim Ibrahim Library